Transportní systémy a jejích řízení v programovatelných pokovovacích automatech

Bibliographic Details
Main Authors: Mainer, Petr (Author), Chlada, Milan (Author)
Format: Article
Language:Czech
Subjects:

MARC

LEADER 00000nab a2200000 a 4500
001 vtls000230909
003 SK-MaSNL
005 20260302213404.0
008 160201c1984 xo 0 cze
015 |a SNBRA19rr/mm-uuuuu 
035 |a CL0241023 
040 |a SNKBUCL  |b slo  |c SNKBUCL  |e AACR2 
041 0 |a cze 
044 |a xo  |c SK 
080 |a 621.357.7:621.867  |2 1981 
080 |a 621.867  |2 1981 
080 |a 621.793.3  |2 1981 
100 1 |a Mainer, Petr  |4 aut  |9 770021 
245 1 0 |a Transportní systémy a jejích řízení v programovatelných pokovovacích automatech  |c Petr Mainer, Milan Chlada 
650 0 7 |a galvanotechnika  |2 snkbucl  |9 93947 
650 0 7 |a automaty pokovovacie  |2 snkbucl  |9 939254 
650 0 7 |a zariadenia transportné  |2 snkbucl  |9 939255 
655 7 |a články zo zborníkov  |2 snkbucl  |9 166140 
700 1 |a Chlada, Milan  |4 aut  |9 939256 
773 0 |t Dvadsiata siedma galvanická konferencia  |d Bratislava : Dom techniky ČSVTS, 1984 
850 |a Slovenská národná knižnica v Martine  |a MTA001 
852 |a SNK  |b KIS3GCP 
958 |a RK 
958 |a CZ 
992 |a RZB 
999 |c 1493400  |d 1495330